Normal view
MARC view
Entry Topical Term
001 - CONTROL NUMBER
- control field: 423650
003 - CONTROL NUMBER IDENTIFIER
- control field:
005 - DATE AND TIME OF LATEST TRANSACTION
- control field: 20210602123833.0
008 - FIXED-LENGTH DATA ELEMENTS
- fixed length control field: 210602|| aca||aabn | a|a d
040 ## - CATALOGING SOURCE
- Original cataloging agency:
- Transcribing agency:
150 ## - HEADING--TOPICAL TERM
- Topical term or geographic name entry element: Industrial relationses
670 ## - SOURCE DATA FOUND
- Source citation: Work cat.: (): Regional Joint Seminar on Prospects for Labour Management Co-operation in the Enterprise (1972,Oct. 24th-27th : Paris) 423648, Prospects for labour-management co-operation in the enterprise :, 1974
